Detalles MARC
| 000 -LEADER |
| fixed length control field |
03199nam a2200493 i 4500 |
| 003 - CONTROL NUMBER IDENTIFIER |
| control field |
OSt |
| 005 - DATE AND TIME OF LATEST TRANSACTION |
| control field |
20210430134256.0 |
| 008 - FIXED-LENGTH DATA ELEMENTS--GENERAL INFORMATION |
| fixed length control field |
200826t20152015mx a fo j 001 0 spa d |
| 020 ## - INTERNATIONAL STANDARD BOOK NUMBER |
| International Standard Book Number |
9786073229173 |
| Qualifying information |
(ebook) |
| 020 ## - INTERNATIONAL STANDARD BOOK NUMBER |
| International Standard Book Number |
9786073229166 |
| 040 ## - CATALOGING SOURCE |
| Original cataloging agency |
Co-B |
| Transcribing agency |
CO-JMCR |
| 041 1# - LANGUAGE CODE |
| Language code of text/sound track or separate title |
spa |
| Language code of original |
eng |
| 082 04 - DEWEY DECIMAL CLASSIFICATION NUMBER |
| Classification number |
510 / |
| Item number |
H128m |
| Edition number |
23 |
| 100 1# - MAIN ENTRY--PERSONAL NAME |
| Personal name |
Haeussler, Ernest F. |
| Relator term |
autor |
| 9 (RLIN) |
37293 |
| 245 10 - TITLE STATEMENT |
| Title |
Matemáticas para administración y economía |
| Statement of responsibility, etc. |
Ernest F. Haeussler, Richard S. Paul, Richard J. Wood ; traducción de Elmer Murrieta Murrieta ; revisión técnica Félix Fernández Méndez, Humberto Mondragón Suárez |
| 250 ## - EDITION STATEMENT |
| Edition statement |
Decimotercera edición. |
| 260 ## - PUBLICATION, DISTRIBUTION, ETC. |
| Place of publication, distribution, etc. |
México, D.F. : |
| Name of publisher, distributor, etc. |
Pearson Educación |
| Date of publication, distribution, etc. |
2015. |
| 300 ## - PHYSICAL DESCRIPTION |
| Extent |
810 páginas : |
| Other physical details |
Ilustraciones en blanco y negro ; |
| Dimensions |
28 cm. |
| 500 ## - GENERAL NOTE |
| General note |
Incluye índice y respuestas. |
| 505 0# - FORMATTED CONTENTS NOTE |
| Formatted contents note |
Repaso de álgebra. -- Aplicaciones y más álgebra -- Funciones y gráficas -- Rectas, parábolas y sistemas de ecuaciones -- Funciones exponenciales y logarítmicas -- Matemáticas financieras -- Álgebra matricial -- Programación lineal -- Introducción a la probabilidad y la estadística -- Temas adicionales de probabilidad -- Límites y continuidad -- Diferenciación -- Temas adicionales de diferenciación -- Trazado de curvas -- Integración -- Métodos y aplicaciones de la integración -- Variables aleatorias continuas -- Cálculo de varias variables. |
| 516 ## - TYPE OF COMPUTER FILE OR DATA NOTE |
| Type of computer file or data note |
Texto (Hypertexto links). |
| 520 ## - SUMMARY, ETC. |
| Summary, etc. |
Esta décima edición de Matemáticas para Administración, Economía, Ciencias Sociales y de la Vida continúa proporcionando los fundamentos matemáticos para estudiantes de negocios, economía y ciencias sociales y de la vida. Inicia con temas que no son de cálculo, como ecuaciones, funciones, álgebra de matrices, programación lineal y matemáticas financieras. Después avanza a través tanto de cálculo de una como de varias variables. Las demostraciones y condiciones técnicas, son descritas de manera suficiente pero sin abundar demasiado. En ocasiones, para conservar la claridad se dan argumentos intuitivos e informales. |
| 534 ## - ORIGINAL VERSION NOTE |
| Title statement of original |
Introductory mathematical analysis. |
| 538 ## - SYSTEM DETAILS NOTE |
| System details note |
Modo de acceso : vía Internet World Wide Web. |
| 650 14 - SUBJECT ADDED ENTRY--TOPICAL TERM |
| Topical term or geographic name entry element |
Matemáticas para administradores |
| 9 (RLIN) |
37294 |
| 650 24 - SUBJECT ADDED ENTRY--TOPICAL TERM |
| Topical term or geographic name entry element |
Matemáticas para economistas |
| 9 (RLIN) |
37295 |
| 650 24 - SUBJECT ADDED ENTRY--TOPICAL TERM |
| Topical term or geographic name entry element |
Matemáticas financieras |
| 9 (RLIN) |
10647 |
| 650 24 - SUBJECT ADDED ENTRY--TOPICAL TERM |
| Topical term or geographic name entry element |
Análisis matemático |
| 9 (RLIN) |
5415 |
| 650 24 - SUBJECT ADDED ENTRY--TOPICAL TERM |
| Topical term or geographic name entry element |
Economía matemática |
| 9 (RLIN) |
37296 |
| 650 24 - SUBJECT ADDED ENTRY--TOPICAL TERM |
| Topical term or geographic name entry element |
Matemáticas |
| 9 (RLIN) |
11883 |
| 650 24 - SUBJECT ADDED ENTRY--TOPICAL TERM |
| Topical term or geographic name entry element |
Ecuaciones |
| 9 (RLIN) |
37297 |
| 650 24 - SUBJECT ADDED ENTRY--TOPICAL TERM |
| Topical term or geographic name entry element |
Álgebra |
| 9 (RLIN) |
12578 |
| 650 24 - SUBJECT ADDED ENTRY--TOPICAL TERM |
| Topical term or geographic name entry element |
Programación lineal |
| 9 (RLIN) |
37298 |
| 650 24 - SUBJECT ADDED ENTRY--TOPICAL TERM |
| Topical term or geographic name entry element |
Cálculo integral |
| 9 (RLIN) |
37299 |
| 650 24 - SUBJECT ADDED ENTRY--TOPICAL TERM |
| Topical term or geographic name entry element |
Matrices (Matemáticas) |
| 9 (RLIN) |
10652 |
| 650 24 - SUBJECT ADDED ENTRY--TOPICAL TERM |
| Topical term or geographic name entry element |
Funciones exponenciales |
| 9 (RLIN) |
37300 |
| 700 1# - ADDED ENTRY--PERSONAL NAME |
| Personal name |
Paul, Richard S. |
| Relator term |
autor |
| 9 (RLIN) |
37301 |
| 700 1# - ADDED ENTRY--PERSONAL NAME |
| Personal name |
Wood, Richard J. |
| Relator term |
autor |
| 9 (RLIN) |
37302 |
| 700 1# - ADDED ENTRY--PERSONAL NAME |
| Personal name |
Murrieta Murrieta, Jesús Elmer |
| Relator term |
traductor |
| 9 (RLIN) |
37303 |
| 700 1# - ADDED ENTRY--PERSONAL NAME |
| Personal name |
Fernández Méndez, Félix |
| Relator term |
revisor |
| 9 (RLIN) |
37304 |
| 700 1# - ADDED ENTRY--PERSONAL NAME |
| Personal name |
Mondragón Suárez, Humberto |
| Relator term |
revisor |
| 9 (RLIN) |
37305 |
| 856 40 - ELECTRONIC LOCATION AND ACCESS |
| Public note |
Ver recurso |
| Uniform Resource Identifier |
<a href="https://login.ezproxy.javeriana.edu.co/login?url=https://www.ebooks7-24.com/?il=890">https://login.ezproxy.javeriana.edu.co/login?url=https://www.ebooks7-24.com/?il=890</a> |
| Public note |
Acceso al texto completo desde eBooks 7-24 |
| 942 ## - ADDED ENTRY ELEMENTS (KOHA) |
| Source of classification or shelving scheme |
Dewey Decimal Classification |
| Koha item type |
Books |